The United States and Japan in 1988 : A time of transition

Bewaard in:
Bibliografische gegevens
Formaat: Boek
Taal:Undetermined
Gepubliceerd in: Washington, D.C. : School of Advanced International Studies, Johns Hopkins University 1988
Onderwerpen:
Tags: Voeg label toe
Geen labels, Wees de eerste die dit record labelt!
Thư viện lưu trữ: Trung tâm Học liệu Trường Đại học Cần Thơ
LEADER 00571nam a2200193Ia 4500
001 CTU_108301
008 210402s9999 xx 000 0 und d
082 |a 327.73 
082 |b U58/1988 
245 4 |a The United States and Japan in 1988 : 
245 2 |b A time of transition 
260 |a Washington, D.C. : 
260 |b School of Advanced International Studies, Johns Hopkins University 
260 |c 1988 
650 |a Japan 
650 |x Foreign relations 
650 |z United states 
904 |i Năm 
980 |a Trung tâm Học liệu Trường Đại học Cần Thơ